| 000 | 01821cam a2200505 4500 | ||
|---|---|---|---|
| 003 | PE-LiUPU | ||
| 005 | 20250731184559.0 | ||
| 020 | _a9786124069444 | ||
| 035 | _a(Sirsi) i9786124069444 | ||
| 035 | _a(Sirsi) 46535 | ||
| 035 | _a(Sirsi) 46535 | ||
| 041 | _aes | ||
| 044 | _ape | ||
| 082 | 0 | 4 |
_a985.05 _bB24P |
| 100 | 1 |
_aBasadre Grohmann, Jorge _d1903-1980. |
|
| 245 | 1 | 0 |
_aPerú independiente / _cJorge Basdre. |
| 264 | 1 |
_aLima : _bEl Comercio : Producciones Cantabria, _c2010. |
|
| 300 |
_a350 páginas : _bilustraciones ; _c29 cm. |
||
| 490 | 0 | _a(Biblioteca Imprescindibles peruanos) | |
| 504 | _aIncluye bibliografía. | ||
| 505 | 0 | _aUn Basadre escondido -- Jorge Basadre Grohmann -- La creación de la república -- La política y los partido en el Perú hasta la caída de Bolívar -- La evolución de la república peruana -- La consolidación de la república -- Perú. Las i | |
| 526 | _aP136 | ||
| 526 | _aP135 | ||
| 526 | _aP134 | ||
| 526 | _aP133 | ||
| 526 | _aP144 | ||
| 526 | _aP143 | ||
| 526 | _aP87 | ||
| 526 | _aP35 | ||
| 526 | _aP20 | ||
| 526 | _aP14 | ||
| 526 | _aP10 | ||
| 526 | _aP06 | ||
| 651 |
_aPerú _xHistoria _yRepública, 1825- |
||
| 700 | 1 |
_aCastro Pérez, Raúl _eed. |
|
| 700 | 1 |
_aSilva Vargas, Yesenia _eed. |
|
| 700 | 1 |
_aPimentel Prieto, Jerónimo _eed. |
|
| 859 | _q64101 | ||
| 910 |
_agl _b _cjck _d20111206 |
||
| 942 |
_2ddc _cBOOK |
||
| 949 |
_i64101 _lCCODEBUL1 _mBUL _tLIBRO _o.STAFF. Colección General |
||
| 596 | _a1 | ||
| 999 |
_a985.05 B24P _wDEWEY _c52940 _i64101 _d52940 _e2019-8-29 _f2021-11-8 _g5 _lCCODEBUL1 _mBUL _n2 _p12.00 _q1 _r0 _sY _tBOOK _u2015-7-6 _xBIBLIOTECA _PP04 _0COMPRA _o.STAFF. Colección General |
||
| 980 |
_81 _gALBERTO SANCHEZ Responsable de Automatización |
||